[Event "SLO-chT2 West"]
[Site "Kranj"]
[Date "2004.10.16"]
[Round "2.6"]
[White "Petkovic, Srdjan"]
[Black "Pirnat, Saso"]
[Result "0-1"]
[WhiteElo "1581"]
[BlackElo "1879"]
[PlyCount "34"]
[EventDate "2004.10.15"]
[EventType "team-tourn"]
[EventRounds "3"]
[EventCountry "SLO"]
[SourceTitle "EXT 2009"]
[Source "ChessBase"]
[SourceDate "2008.11.26"]
[SourceVersion "1"]
[SourceVersionDate "2008.11.26"]
[SourceQuality "1"]

1. e4 Nc6 2. Nf3 f5 3. exf5 d5 4. d4 Bxf5 5. Bb5 Qd6 6. Nc3 Nf6 7. 0-0 g6 8. Re1 Bg7 9. h3 0-0 10. Ne5 Ne4 11. Nxe4 Bxe4 12. Nxc6 bxc6 13. Bd3 Bxd4 14. Re2 Bf3 15. gxf3 Qg3+ 16. Kf1 Rxf3 17. Qd2 Qxh3+ 0-1